|
|
|
|
| LEADER |
00000nab a2200000 a 4500 |
| 001 |
vtls000566632 |
| 003 |
SK-MaSNL |
| 005 |
20260304101419.0 |
| 008 |
250426c1995 xo 0 slo |
| 015 |
|
|
|a SNBRB19rr/mm-uuuuu
|
| 035 |
|
|
|a CL0566770
|
| 035 |
|
|
|a urn:nbn:sk:snk-abakos
|
| 035 |
|
|
|a (urnnbn)urn:nbn:sk:snk:ar-0084j2
|
| 035 |
|
|
|a (uuid)16fb2a53-df26-4a1e-8f0f-5d4ccba10c93
|
| 040 |
|
|
|a SNKBUCL
|b slo
|c SNKBUCL
|e AACR2
|
| 041 |
0 |
|
|a slo
|
| 044 |
|
|
|a xo
|c SK
|
| 080 |
|
|
|a 655.533-053.2
|2 1981
|
| 080 |
|
|
|a 766:087.5
|2 1981
|
| 100 |
1 |
|
|a Krátky, Ľubomír,
|d 1939-2022
|4 aut
|9 109701
|
| 245 |
1 |
0 |
|a Ilustrácia nemôže byť tovarom
|c Ľubomír Krátky
|
| 650 |
0 |
7 |
|a knižná kultúra
|2 snkbucl
|9 31235
|
| 650 |
0 |
7 |
|a knižné ilustrácie
|2 snkbucl
|9 2742
|
| 650 |
0 |
7 |
|a publikácie pre deti
|2 snkbucl
|9 249868
|
| 655 |
|
7 |
|a články z novín a časopisov
|2 snkbucl
|9 267496
|
| 655 |
|
7 |
|a články z odboru knihovníctvo
|2 snkbucl
|9 166141
|
| 773 |
0 |
|
|t Literárny týždenník
|g Roč. 8, č. 44 (1995), s. 14
|x 0862-5999
|
| 850 |
|
|
|a Slovenská národná knižnica
|
| 852 |
|
|
|a Slovenská národná knižnica
|
| 954 |
|
|
|a odborná, vedecká literatúra pôvodná (slovenská)
|2 lita
|
| 958 |
|
|
|a article14
|
| 958 |
|
|
|a RK
|
| 958 |
|
|
|a KL
|
| 958 |
|
|
|a OND
|
| 958 |
|
|
|a EUIPO
|
| 999 |
|
|
|c 2841752
|d 2843682
|